000 00444nam a2200169Ia 4500
999 _c5328
_d5328
020 _a0-7619-3507-X
082 _a305.5680954 SHA-U
245 0 _aUntouchability in rural India
260 _aNew Delhi
_bSage Publications
_c2006
300 _a216
504 _aincludes index
650 _aCaste
_zIndia
650 _aIndia
_vRural conditions
650 _aDalits
_vSocial conditions
_zIndia
700 _aGhanshyam Shah ...[et al]
942 _cBK